<?xml version="1.0" encoding="UTF-8"?>
<record
    xmlns:xsi="http://www.w3.org/2001/XMLSchema-instance"
    xsi:schemaLocation="http://www.loc.gov/MARC21/slim http://www.loc.gov/standards/marcxml/schema/MARC21slim.xsd"
    xmlns="http://www.loc.gov/MARC21/slim">

  <leader>00256nam a2200097Ia 4500</leader>
  <datafield tag="100" ind1=" " ind2=" ">
    <subfield code="a">CLEARY , SANDRA</subfield>
  </datafield>
  <datafield tag="245" ind1=" " ind2="0">
    <subfield code="a">COMMUNICATION A HANDS- ON APPROACH : 2ND EDITION</subfield>
  </datafield>
  <datafield tag="020" ind1=" " ind2=" ">
    <subfield code="a">9780702197970"</subfield>
  </datafield>
  <datafield tag="942" ind1=" " ind2=" ">
    <subfield code="c">BK </subfield>
  </datafield>
  <controlfield tag="008">210804s9999    xx            000 0 und d</controlfield>
  <datafield tag="999" ind1=" " ind2=" ">
    <subfield code="c">50502</subfield>
    <subfield code="d">50501</subfield>
  </datafield>
  <datafield tag="952" ind1=" " ind2=" ">
    <subfield code="0">0</subfield>
    <subfield code="1">0</subfield>
    <subfield code="4">0</subfield>
    <subfield code="7">0</subfield>
    <subfield code="a">RIVEL</subfield>
    <subfield code="b">RIVEL</subfield>
    <subfield code="d">2021-08-04</subfield>
    <subfield code="g">155.00</subfield>
    <subfield code="l">0</subfield>
    <subfield code="p">33228024057257</subfield>
    <subfield code="r">2021-08-04</subfield>
    <subfield code="w">2021-08-04</subfield>
    <subfield code="y">BK </subfield>
  </datafield>
  <datafield tag="952" ind1=" " ind2=" ">
    <subfield code="0">0</subfield>
    <subfield code="1">0</subfield>
    <subfield code="2">ddc</subfield>
    <subfield code="4">0</subfield>
    <subfield code="7">0</subfield>
    <subfield code="8">600</subfield>
    <subfield code="a">STANDL</subfield>
    <subfield code="b">STANDL</subfield>
    <subfield code="c">Non_Fiction</subfield>
    <subfield code="d">2023-06-09</subfield>
    <subfield code="g">344.51</subfield>
    <subfield code="i">9780702197970</subfield>
    <subfield code="l">0</subfield>
    <subfield code="o">658.45 COMM</subfield>
    <subfield code="p">3300410014199</subfield>
    <subfield code="r">2023-06-09</subfield>
    <subfield code="v">344.51</subfield>
    <subfield code="w">2023-06-09</subfield>
    <subfield code="y">BOOK</subfield>
  </datafield>
  <datafield tag="952" ind1=" " ind2=" ">
    <subfield code="0">0</subfield>
    <subfield code="1">0</subfield>
    <subfield code="2">ddc</subfield>
    <subfield code="4">0</subfield>
    <subfield code="7">0</subfield>
    <subfield code="8">600</subfield>
    <subfield code="a">THANPL</subfield>
    <subfield code="b">THANPL</subfield>
    <subfield code="c">GEN</subfield>
    <subfield code="d">2025-03-11</subfield>
    <subfield code="g">344.51</subfield>
    <subfield code="l">0</subfield>
    <subfield code="o">658.45 COMM</subfield>
    <subfield code="p">33228031047254</subfield>
    <subfield code="r">2025-03-11</subfield>
    <subfield code="w">2025-03-11</subfield>
    <subfield code="y">BK </subfield>
  </datafield>
</record>
